Datum a čas kvízu

30.5 Celkem bodů Celkový počet nahraných bodů na tomto kvízu bez doplňovacích otázek.
7. Pořadí na kvízu Konečné umístění týmu na tomto kvízu.

Zaznamenané odpovědi

# Otázka Odpověď Body Výsledky
1. Minulý týden se v Praze konal... Globsec 1
2. Hongkongské ministerstvo škols... C) badmintonu 0
3. Která zahraniční kapela minulý... Oasis 1
4. Česká pošta oznámila, že od ří... Balíkovna 1
5. Fotbalisté Sparty Praha se po... Lukáš Haraslín 1
6. Téma začneme stavbou, které mn... Václav Aulický 0
7. Žebříčků hodnotících nejoškliv... v Severní Koreji (KLDR) 1
8. Pravděpodobně druhá největší a... Palác Parlamentu (Palác lidu, Dům národů), Bukurešť 0.5
9. I Slovensko má svého zástupce... Martina Šimkovičová 1
10. V této londýnské budově sídlí... SIS 0